LIBRARY & INFORMATION CENTRE, KCAET, TAVANUR

ONLINE PUBLIC ACCESS CATALOGUE (OPAC)

Water supply for rural areas and small communities / (Record no. 267)

MARC details
000 -LEADER
fixed length control field 00609cam a2200241ua 4500
041 ## - LANGUAGE CODE
Language code of text/sound track or separate title eng
082 ## - DEWEY DECIMAL CLASSIFICATION NUMBER
Classification number 628.7
Item number WAG/WA
100 ## - MAIN ENTRY--AUTHOR NAME
Personal name Wagner, Edmund G.
245 ## - TITLE STATEMENT
Title Water supply for rural areas and small communities /
250 ## - EDITION STATEMENT
Edition statement 1 /
260 ## - PUBLICATION, DISTRIBUTION, ETC. (IMPRINT)
Place of publication Geneva :
Name of publisher World Health Organisation ,
Year of publication 1959.
300 ## - PHYSICAL DESCRIPTION
Number of Pages 340 ; .
700 1# - ADDED ENTRY--PERSONAL NAME
Personal name Lanoix, J N.
942 ## - ADDED ENTRY ELEMENTS (KOHA)
Koha item type Books
Holdings
Withdrawn status Lost status Damaged status Home library Current library Date acquired Cost, normal purchase price Full call number Accession Number Koha item type
Withdrawn     KAUAET KAUAET 07/04/2012 20.00 628.7 WAG/WA 7854 Books
Withdrawn     KAUAET KAUAET 07/04/2012   628.7 WAG/WA 8200 Books
Withdrawn     KAUAET KAUAET 07/04/2012   628.7 WAG/WA 8201 Books
Withdrawn   Damaged KAUAET KAUAET 07/04/2012   628.7 WAG/WA 3226 Books
      KAUAET KAUAET 07/04/2012   628.7 WAG/WA 8197 A Books
Withdrawn     KAUAET KAUAET 07/04/2012   628.7 WAG/WA 8198 Books
Withdrawn     KAUAET KAUAET 07/04/2012   628.7 WAG/WA 8203 Books
Withdrawn Lost and Paid For   KAUAET KAUAET 21/07/2020 20.00 628.7 WAG/WA 7852 Books
free website counter